Early Church Fathers - Statistics

General Stats
  • This quiz has been taken 69 times
    67 since last reset
  • The average score is 7 of 16
Answer Stats
Hint Answer % Correct
Bishop of Smyrna, Hearer of John the Apostle Polycarp of Smyrna | Polycarp
76%
head of the Alexandrian school, aniconic, Wrote the Stratomata Clement of Alexandria | clement
73%
Convert, Wrote dialogue with Trypho, martyr for the faith Justin martyr | justin
73%
Student of Peter and Paul, and bishop of Rome Clement of Rome | clement
71%
Bishop of Antioch, Student of John the Apostle Ignatius of Antioch | Ignatius
71%
Student of Polycarp, engaged against many heresies Irenaeus of Lyon | irenaeus
61%
First person to use the term trinity, when refering to Father, Son and Holy Spirit Tertullian
59%
Student of Clement of Alexandria, made huge leaps in theology, but consequently got some stuff wrong according to the church Origen
53%
the miracle worker, good articulation of the consubstantial Trinity gregory of Thaumaturgus | Gregory
41%
From Africa, thought it was necessary to rebaptise converts, and the unity of the Church was essential Cyprian of Carthage | Cyprian
20%
Hearer of Justin Martyr, went off the rails later in his life Tatian
20%
fragments survive, tell us who wrote the gospels Papias
16%
He was a Christian Apologist. He wrote Plea for Christians, and On the ressurection, Athenagoras of Athens | athenagoras
12%
Patriarch of Alexandria, Letters on theology and rebaptism, oppossed Sabellianism Dionysius of Alexandria | Dionysius
12%
From Rome, wrote the apostolic tradition Hippolytus
12%
Defender of Christianity, supposedly from Olympus Methodius
10%
No matching quizzes found
Score Distribution
Percent of People with Each Score
Percentile by Number Answered
Your Score History
You have not taken this quiz since the last reset